| 000 | 00743nam a2200241 u 4500 | ||
|---|---|---|---|
| 005 | 20240815063726.0 | ||
| 008 | 150911s2005 r 000 0 eng d | ||
| 020 | _a9706888594 | ||
| 035 | _aUPN01000205778 | ||
| 049 | _aI | ||
| 050 | 4 |
_aQL49 _bS5.8 |
|
| 100 | 1 |
_aShalev, Zahavit _938061 |
|
| 245 | 1 | 0 |
_a24 Horas en la charca / _cZahavit Shalev ; tr. Luis Esteban Pérez Villanueva. |
| 260 |
_aMéxico : _bSM, _c2005. |
||
| 300 |
_a48 p. : _bil. col. |
||
| 440 | 0 | _aSaber | |
| 534 |
_pTitulo original: _t24 hours water hole |
||
| 650 | 7 |
_aAnimales _vLiteratura infantil _2 _91061 |
|
| 650 | 4 |
_aAnimales _xHábitos y comportamiento _91059 |
|
| 650 | 7 |
_aLibros ilustrados para niños _2 _921365 |
|
| 905 | _aInfantil | ||
| 999 |
_c177879 _d177879 |
||